Responses for show #4031 - Monday, February 25, 2002

Contestants

[<< previous game]

Anthony Trifilio, a construction worker from Brooklyn, New York

Jen Bobolia, a registered nurse from Boston, Massachusetts

Roger Christensen, a registered nurse and pre-med student from Los Angeles, California (whose 2-day cash winnings total $42,300)

[next game >>]

Jeopardy! Round responses

AMERICAN HISTORY
FIREFIGHTING
GEOGRAPH"E"
GIVE THE ROLE TO GARY
(Alex: We'll give you a role. You name the Gary who played that role.)
WED TO THE IDEA
CRIMINAL CONVERSATION
    $200 1
Michigan

Jen :)
    $200 22
the Hall of Flame

Anthony
    $200 6
Etna

Anthony
    $200 8
Gary Burghoff

Roger
    $200 10
matrimony

Jen :)
    $200 15
to kill

Anthony
    $400 2
Mt. St. Helens

Jen :)
    $400 23
(Anthony: What is Julius Caesar?)
(Alex: No.)
(Anthony: Who is Julius Caesar?)

Augustus (Caesar)

RogerAnthony
    $400 7
the Euphrates

Roger
    $400 9
Gary Coleman

Jen :)
    $400 11
blue

Anthony
    $400 16
a safe

Jen :)
    $600 3
(Peter) Stuyvesant

Jen :)
    $3,000 25
(Alex: Roger?)
(Roger: What is... [shrugs])
(Alex: Say something.)
(Roger: Eritrea?)

Edinburgh

Roger
    $600 17
Gary Cooper

Roger
    $600 12
(Roger: What are tin cans?)
(Anthony: ...I'm sorry.)

(baby) shoes

RogerJen :)Anthony
    $600 19
a cash register

Anthony
    $800 4
hallow

Triple Stumper
    $800 29
[The end-of-round signal sounds.]

"Red"

Triple Stumper
    $800 26
(Jen: What is the Rhine?)

the Elbe

RogerJen :)
    $800 18
Gary Busey

Jen :)
    $800 13
a dowry

Anthony
    $800 20
con games

Anthony
    $1000 5
El Paso

Roger
    $1000 28
the jaws of life

Jen :)
    $1000 27
Erebus

Triple Stumper
    $1000 24
Gary Oldman

Roger
    $1000 14
double income, no kids

Jen :)
    $1000 21
the odometer

Anthony

Scores at the first commercial break (after clue 15):

Roger Jen :) Anthony
$1,000 $3,400 $1,000

Scores at the end of the Jeopardy! Round:

Roger Jen :) Anthony
$800 $4,800 $3,200

Double Jeopardy! Round responses

"FLYING"
CHAUCER'S
HARVARD UNIVERSITY
YOUR BETTER ELEMENTS
PUT ON A TIE
(Jim Forbes: VH1's...)
BEHIND THE MUSIC
    $400 11
a flying squirrel

Jen :)
    $400 22
(Jen: What is the House of Lords?)

the House of Commons

RogerJen :)
    $400 17
(Jen: What is Oxford?)

Yale

RogerJen :)
    $400 1
carbon

Anthony
    $400 16
a bow tie

Roger
    $400 6
(Jen: What is 1971?)
(Anthony: What is 1970?)

1972

RogerJen :)Anthony
    $800 12
flying fish

Jen :)
    $800 18
The Paper Chase

Anthony
    $800 2
potassium

Roger
    $800 23
a bolo

Jen :)
    $800 7
Grease

Roger
    $1200 13
a flying wedge

Anthony
    $1200 27
[The end-of-round signal sounds.]

the Wife of Bath

Triple Stumper
    $1200 19
(Jen: What is Harvard Square?)

Harvard Yard

Jen :)Anthony
    $2,000 3
the thyroid

Roger
    $1200 26
a tie tack (or tiepin)

Jen :)
    $3,000 8
(Roger: What is... Murphy Brown?)
(Alex: No. Jen is--)
(Jen: Lilith Show.)
(Alex: What is it?)
(Jen: The Lilith... Tour.)
(Alex: [*], [*], yeah. Yeah, that's twice that Jen had the correct response on your--on your Daily Double.)
(Roger: She's a little late coming with the answer, though!)

Lilith Fair

Roger
    $1600 14
a flying buttress

Roger
    $1600 21
the Charles

Roger
    $1600 4
iron

Anthony
    $1600 25
(Alex: A term you don't hear that much anymore.)

a four-in-hand

Triple Stumper
    $1600 9
Harry Chapin

Jen :)
    $2000 15
the Flying Dutchman

Anthony
    $2000 20
Walter Gropius

Triple Stumper
    $2000 5
sulfur

Jen :)
    $2000 24
(Anthony: What is a corps?)

a regimental tie

Anthony
Triple Stumper
    $2000 10
Leif Garrett

Jen :)

Scores at the end of the Double Jeopardy! Round:

Roger Jen :) Anthony
$6,200 $11,200 $8,000

[wagering suggestions for these scores]

Final Jeopardy! Round responses

CLASSICAL MUSIC
(Alex: "What instrument, supposedly played by Orpheus, resembles an instrument found in a symphony orchestra?" is the basic question here.)
...
(Alex: [Revealing Anthony's response] You're right. It resembles the lyre.)
RogerWhat is the Flute?
$6,200
AnthonyWhat is The Harp
$8,000
Jen :)What is the bassoon?
$4,850
the harp

Final scores:

Roger Jen :) Anthony
$0 $6,350 $16,000
3rd place: trip to Florida + stay at Sonesta Beach Hotel & Spa 2nd place: trip to Allegro Resort Pineapple Beach in Antigua New champion: $16,000

Game dynamics:

Coryat scores:

Roger Jen :) Anthony
$11,400 $11,200 $8,000
16 R
(including 1 DD),
3 W
(including 2 DDs)
17 R,
5 W
14 R,
4 W

Combined Coryat: $30,600

The J! Archive is created by fans, for fans. The Jeopardy! game show and all elements thereof, including but not limited to copyright and trademark thereto, are the property of Jeopardy Productions, Inc. and are protected under law. This website is not affiliated with, sponsored by, or operated by Jeopardy Productions, Inc. Join the discussion at JBoard.tv.